Statistics for Former "Country" Flags #12-Southern Africa

Click here to take the quiz!

General Stats

  • This quiz has been taken 25 times
  • The average score is 9 of 20

Answer Stats

Answer% Correct
South African Federation
95%
South African Republic
95%
Union of South Africa
95%
People's Republic of Angola
90%
Zimbabwe Rhodesia
81%
Orange Free State
71%
Rhodesia and Nyasaland
71%
Rhodesia
67%
Zulu Kingdom
33%
Bophuthatswana
19%
Ciskei
19%
Kingdom of Barotseland
19%
Natalia Republic
19%
Republic of Stellaland
19%
Transkei
19%
United States of Stellaland
19%
Venda
19%
Nieuwe Republic
14%
Republic of Upingtonia
14%
State of Goshen
14%

Score Distribution

Percentile by Number Answered

Percent of People with Each Score

Your Score History

You have not taken this quiz